Buku peringatan dies natalis U.S. U., Medan. (Record no. 87559)

MARC details
000 -LEADER
fixed length control field 00668cam a22002291 4500
001 - CONTROL NUMBER
control field sa 68017173
003 - CONTROL NUMBER IDENTIFIER
control field DLC
005 - DATE AND TIME OF LATEST TRANSACTION
control field 20260227112700.0
008 - FIXED-LENGTH DATA ELEMENTS--GENERAL INFORMATION
fixed length control field 730816s1967 xx 000 0 ind
010 ## - LIBRARY OF CONGRESS CONTROL NUMBER
LC control number sa 68017173
035 ## - SYSTEM CONTROL NUMBER
System control number (OCoLC)679508
040 ## - CATALOGING SOURCE
Original cataloging agency DLC
Transcribing agency OAU
Modifying agency OCoLC
-- DLC
042 ## - AUTHENTICATION CODE
Authentication code premarc
050 00 - LIBRARY OF CONGRESS CALL NUMBER
Classification number LG181.M4
Item number B8
245 00 - TITLE STATEMENT
Title Buku peringatan dies natalis U.S. U., Medan.
260 ## - PUBLICATION, DISTRIBUTION, ETC.
Place of publication, distribution, etc. [Medan]
Name of publisher, distributor, etc. Biro Rektor U.S.U.
Date of publication, distribution, etc. [1967-
300 ## - PHYSICAL DESCRIPTION
Extent v.
Other physical details illus.
Dimensions 24 cm.
500 ## - GENERAL NOTE
General note Indonesian or English, with summary in English.
504 ## - BIBLIOGRAPHY, ETC. NOTE
Bibliography, etc. note Includes bibliographies.
610 20 - SUBJECT ADDED ENTRY--CORPORATE NAME
Corporate name or jurisdiction name as entry element Universitas Sumatera Utara.
710 2# - ADDED ENTRY--CORPORATE NAME
Corporate name or jurisdiction name as entry element Universitas Sumatera Utara.

No items available.

Powered by Koha